• 首页
  • 本馆介绍
  • 公告通知
  • 最新文献
  • 馆藏检索
  • 电子资源
  • 读者导购
  • 参考咨询
  • 我的图书馆
  • 登录
  • 详细信息显示
  • 放入我的书架
  • 预约/预借图书
  • 作者相关作品
  • 分类相关作品
  • 丛书相关作品
  • 出版社相关作品

书目信息

  • 表格格式
  • 工作单格式
  • 卡片格式
题名:
速读日本文化
    
 
作者: 大久保乔树 主编 ;中野明 , 杜红 著
分册:  
出版信息: 北京   文化发展出版社  2017.11
页数: 228页
开本: 19cm
丛书名:
单 册:
中图分类: G131.3
科图分类:
主题词: 文化研究--wen hua yan jiu--日本
电子资源:
ISBN: 978-7-5142-1934-0
000 00983nam0 2200253 450
001 0109110021
005 20201109110331.0
010    @a978-7-5142-1934-0@dCNY45.00
100    @a20181129e20202017em y0chiy50 ea
101 1  @achi@cjpn
102    @aCN@b110000
105    @aa z 000yy
106    @ar
200 1  @a速读日本文化@Asu du ri ben wen hua@f(日)大久保乔树主编@g(日)中野明著@g杜红译
210    @a北京@c文化发展出版社@d2017.11@h2020.06
215    @a228页@c图, 照片@d19cm
330    @a本书从众多以日本、日本人和日本文化为主题的著作中,精心挑选了25部广为流传、极具话题性且被认为是一般通识类的经典著作,介绍其核心概要。每一部都是从不同的视点和角度论述日本文化的珠玉之作。
606 0  @a文化研究@Awen hua yan jiu@y日本
690    @aG131.3@v5
701  0 @c(日)@a大久保乔树@Ada jiu bao qiao shu@f(1946~)@4主编
702  0 @c(日)@a中野明@Azhong ye ming@f(1962~)@4著
702  0 @a杜红@Adu hong@f(1988~)@4译
801  0 @aCN@bBJSZM@c20201103
905    @b1263821-5@dG131.3@e312@f5
    
    速读日本文化/(日)大久保乔树主编/(日)中野明著/杜红译.-北京:文化发展出版社,2017.11(2020.06)
    228页:图, 照片;19cm
    
    
    ISBN 978-7-5142-1934-0:CNY45.00
    本书从众多以日本、日本人和日本文化为主题的著作中,精心挑选了25部广为流传、极具话题性且被认为是一般通识类的经典著作,介绍其核心概要。每一部都是从不同的视点和角度论述日本文化的珠玉之作。
●
相关链接 在E读中查询图书 在五车中查询图书 在当当中查询图书 在豆瓣中查询图书


正题名:速读日本文化     索取号:G131.3/312         预约/预借

序号 登录号 条形码 馆藏地/架位号 状态 备注
1 1263821   212638216   第一样本阅览室/ [索取号:G131.3/312] 在馆    
2 1263822   212638225   教育系资料室/ [索取号:G131.3/312] 在馆    
3 1263823   212638234   教育系资料室/ [索取号:G131.3/312] 在馆    
4 1263824   212638243   第四借阅区/ [索取号:G131.3/312] 在馆    
5 1263825   212638252   第四借阅区/ [索取号:G131.3/312] 在馆    
唐山师范学院图书馆 欢迎您!
大连网信软件有限公司© 版权所有